Latin American research review

Bibliographic Details
Format: Electronic Journal
Language:English
Published: Austin, Tex. : University of Texas Press
Subjects:
Online Access:Full text available from Research Library: 01/01/1994 to 1 year ago
Full text available from PRISMA Database with HAPI Index: 01/01/1994 to 01/31/2016

MARC

LEADER 00000nas a22000007a 4500
001 ssj0005836
003 WaSeSS
005 20200512172242.0
006 m d
007 cr n
008 021108c19659999txutr p s 0 a0eng c
010 |a  2002213960  |z  2001227194 
016 7 |a 2052199-6  |2 DE-600 
022 |a 1542-4278  |y 0023-8791 
035 |a (WaSeSS)ssj0005836 
037 |b Project Muse, 2715 North Charles St., Baltimore, MD 21218 
040 |a NSD  |b eng  |c NSD  |d OCLCQ  |d BUF  |d EYM  |d CNTRU  |d DLC  |d OCLCQ  |d OCLCF  |d OCLCQ  |d DEBBG  |d CUS  |d AU@  |d VT2  |d NJT  |d SFB  |d WaSeSS 
042 |a pcc  |a nsdp 
043 |a cl----- 
050 1 4 |a F1401  |b .L345 
082 1 0 |a 980  |2 14 
130 0 |a Latin American research review (Online) 
222 0 |a Latin American research review  |b (Online) 
245 1 0 |a Latin American research review  |h [electronic resource]. 
246 1 |a LARR 
260 |a Austin, Tex. :  |b University of Texas Press 
310 |a Three times a year 
362 1 |a Print began with vol. 1, no. 1 (fall 1965). 
506 |a License restrictions may limit access. 
588 |a Description based on: Vol. 38, no. 1 (2003); title from caption (Project Muse website, viewed on Sept. 14, 2011). 
588 |a Latest issue consulted: Vol. 46, no. 2 (2011) (website viewed on Sept. 14, 2011). 
651 0 |a Latin America  |v Periodicals. 
651 7 |a Latin America.  |2 fast  |0 (OCoLC)fst01245945 
655 0 |a Electronic journals. 
776 0 8 |i Print version, 1965-2016:  |t Latin American research review  |x 0023-8791  |w (DLC) 65009960  |w (OCoLC)1588206 
856 4 0 |z Full text available from Research Library: 01/01/1994 to 1 year ago  |u https://search.proquest.com/publication/35135 
856 4 0 |z Full text available from PRISMA Database with HAPI Index: 01/01/1994 to 01/31/2016  |u https://search.proquest.com/publication/2043